000 01048nam0a2200289 4500
001 RU\NLR\BIBL_A\021950604
005 20250625063334.0
035 _a(NLR Aleph) 021950604
090 _a13212900
_c13212900
100 _a20230530d1907 |||y0rusy50 ca
101 0 _arus
102 _aRU
105 _ay z 000zy
181 0 _ai
_baxxe
182 0 _an
200 1 _aЗемельное законодательство Новой Зеландии
_fН. Р.
203 _aТекст
_bвизуальный
_cнепосредственный
210 _a[Москва]
_cТруд и воля
_d[1907]
215 _a32
_d17
309 _aНа обл.: № 43
316 _aЭкз. РНБ: на обл. рукоп. помета
_5NLR: 58-2/454
700 0 _aН. Р.
852 _aNLR
_j58-2/454
942 _cBOOK
980 _aNB